| 000 | 00669nas a2200229 4500 | ||
|---|---|---|---|
| 001 | BR9507165 | ||
| 003 | BR-BrBNA | ||
| 005 | 20231205094509.0 | ||
| 007 | ta | ||
| 008 | 230509b bl.|||p| |||| 00| 00por d | ||
| 040 |
_aBR-BrBNA _bpor _cBiblioteca Nacional de Agricultura |
||
| 041 | _a(Pt) | ||
| 072 | _aE70 | ||
| 100 | 1 | _aBrum, A.L. | |
| 245 | 1 | _aA nova realidade do mercado da soja | |
| 650 | _aSoja | ||
| 650 | _aPreco | ||
| 650 | _aMercado | ||
| 773 | 0 |
_tPrecos Agricolas - Fundacao de Estudos Agrarios Luiz de Queiroz (Brazil) _xISSN 0103-4677 _g(Jun 1995), v. 9(104) p. 6-7 _wBR9507165 |
|
| 909 |
_a202311 _bLúcia _c55 _dLúcia Elande |
||
| 942 |
_2AGRIS _n0 _cANA |
||
| 999 |
_c144755 _d144755 |
||